My kind of girl / (Record no. 48291)

MARC details
000 -LEADER
fixed length control field 00866cam a2200253 a 4500
005 - DATE AND TIME OF LATEST TRANSACTION
control field 20031230185550.0
008 - FIXED-LENGTH DATA ELEMENTS--GENERAL INFORMATION
fixed length control field 940308s1993 enkab b 001 0 eng
010 ## - LCCN (DPL NO)
LC control number ENG-101683
020 ## - INTERNATIONAL STANDARD BOOK NUMBER
Terms of availability 350.00
International Standard Book Number 9788184000672
035 ## - SYSTEM CONTROL NUMBER
System control number EN-85216
037 ## - SOURCE OF ACQUISITION
Source of stock number/acquisition DBAD/PUB
040 ## - CATALOGING SOURCE
Original cataloging agency dpl
Language of cataloging Eng
082 ## - DEWEY DECIMAL CLASSIFICATION NUMBER
Classification number S
100 1# - MAIN ENTRY--PERSONAL NAME
9 (RLIN) 22405
Personal name Bose, Buddhadeva
245 10 - TITLE STATEMENT
Title My kind of girl /
Statement of responsibility, etc by Buddhadeva Bose ; translated from the Bengali by Arunava Sinha
260 ## - PUBLICATION, DISTRIBUTION, ETC. (IMPRINT)
Place of publication, distribution, etc Noida
Name of publisher, distributor, etc Random House India
Date of publication, distribution, etc 2009
270 ## - ADDRESS
Address Mind Mill Corporate Tower, 2nd Floor, Plot No 24A Sector 16A,
City Noida
Postal code 201301
300 1# - PHYSICAL DESCRIPTION
Extent 171p.
Dimensions 19cm (Hb)
650 #0 - SUBJECT ADDED ENTRY--TOPICAL TERM
9 (RLIN) 22448
651 ## - SUBJECT ADDED ENTRY--GEOGRAPHIC NAME
9 (RLIN) 22481
700 ## - ADDED ENTRY--PERSONAL NAME
9 (RLIN) 22431
Personal name Sinha, Arunava
942 ## - ADDED ENTRY ELEMENTS (KOHA)
Source of classification or shelving scheme Dewey Decimal Classification
Item type English Books
Call number suffix BOS
Classification part S
Holdings
Withdrawn status Lost status Source of classification or shelving scheme Damaged status Not for loan Collection code Home library Current library Date acquired Source of acquisition Cost, normal purchase price Total Checkouts Full call number Barcode Date last seen Copy number Cost, replacement price Koha item type
    Dewey Decimal Classification   Not For Loan Non-fiction D.B.Act.Division D.B.Act.Division 09/10/2010 DBAD/PUB 350.00   S BOS EN-85216 09/10/2010 1 350.00 English Books

© Delhi Public Library
Hit Counter
free hit counter